000 00646nam a2200241Ia 4500
003 OSt
005 20220918222344.0
006 a|||||r|||| 00| 0
007 ta
008 220917b |||||||| |||| 00| 0 eng d
024 _a216,581
037 _cTextual
040 _aARTS
_cARTS
_beng
041 _2eng
_aeng
082 _aV49G:4(Y73), P2
100 _aPhukon Girin Ed.
_9142899
245 0 _aEthnicity and polity in South Asia
260 _aNew Delhi
_bSouth Asian pub.
_c2002
300 _axii, 271p
_ccm.
650 _aHISTORY
942 _hV49G:4(Y73), P2
_cTEXL
_2CC
999 _c275280
_d275280